000 00640nam a22001937a 4500
005 20251108172842.0
008 250721s2002 xx 000 0 ara d
082 1 4 _a737.49565/روا
100 1 _aالرواحنة، مسلم
245 1 0 _aعهد الحارث الرابع من خلال مجموعة خاصة من المسكوكات النبطية /
264 1 _aالبتراء :
_bبيت الأنباط للتأليف و النشر،
_c2002.
300 _a126 ص
650 1 7 _aالأنباط
650 1 7 _aالبتراء
650 1 7 _aتاريخ الأردن
650 1 7 _aالنميمات
942 _2ddc
_cBK
999 _c90080
_d90080